000 00219 a2200097 4500
001 50986
100 _aGasperini Richard
245 _aDigital Experiments
260 _aUSA
_bMovonics Company
_c
090 _c32286
_d32286
942 _aNUST-CAE
_cM
_c24765
999 _c286059
_d286059